000 00457nam a2200133Ia 4500
008 100328s9999 xx 000 0 und d
082 _b51136
100 _aकेळकर ग.म.
245 _aअद्वितीय साहसकथा-भाग-2
260 _bपुरंदरे
630 _aअद्वितीय साहसकथा-भाग-2
730 _aअद्वितीय साहसकथा-भाग-2
942 _cBOOK
999 _c538128
_d538125